| 000 | 00830nam a2200253Ia 4500 | ||
|---|---|---|---|
| 003 | OSt | ||
| 005 | 20220930064950.0 | ||
| 006 | a|||||r|||| 00| 0 | ||
| 007 | ta | ||
| 008 | 220926b |||||||| |||| 00| 0 eng d | ||
| 024 | _a4955 | ||
| 037 | _cTheses | ||
| 040 |
_aCRL _cCRL _beng |
||
| 041 |
_2eng _aeng |
||
| 100 |
_aKapur Vaneeta _9525238 |
||
| 110 | _aUniversity of Delhi. Faculty of Medical Sciences. Department of Radio-diagnosis | ||
| 245 | 0 |
_aThe diaphragm in health and disease _b A roentgenological profile |
|
| 260 | _c1989 | ||
| 650 |
_aDIAGNOSIS _9519345 |
||
| 700 |
_a Dr Vishwanath Baijal Supervisor _9520492 |
||
| 700 | _aUniversity of Delhi. Faculty of Medical Sciences. Department of Radio-diagnosis | ||
| 942 |
_cDIS _2CC |
||
| 999 |
_c858917 _d858917 |
||